| 000 | 01202nam a2200337 a 4500 | ||
|---|---|---|---|
| 001 | 75148 | ||
| 003 | BD-RjUL | ||
| 005 | 20211209082643.0 | ||
| 008 | 190124s1967 mnuab j b 000 0 eng | ||
| 035 | _a(BD-RjUL)75366 | ||
| 040 |
_aDLC _cDLC _dDLC _dBD-RjUL _beng |
||
| 041 | _aeng | ||
| 042 | _alcac | ||
| 082 | 0 | 0 |
_223 _a551.5 _bSPW 1967 |
| 100 | 1 |
_aSpar, Jerome. _d1918- _9199258 |
|
| 245 | 1 | 4 |
_aThe way of the weather / _cJerome Spar. |
| 260 |
_aMankato, Minn.: _bCreative Educational Society, _cc1967. |
||
| 300 |
_a224 p.: _billus. (part col.), maps.; _c27 cm. |
||
| 490 | 0 | _aCreative science series | |
| 500 | _aPublished in cooperation with the American Museum of Natural History. | ||
| 504 | _aBibliography: p. 224. | ||
| 520 | _aExplains weather terms and seasonal phenomena, describing how weather varies around the world and how weathermen forecast the weather. | ||
| 650 | 0 |
_aMeteorology _xJuvenile literature. _9227377 |
|
| 650 | 0 |
_aWeather _xJuvenile literature. _9227378 |
|
| 650 | 1 |
_aMeteorology. _9227379 |
|
| 650 | 1 |
_aWeather. _9227380 |
|
| 710 | 2 |
_aAmerican Museum of Natural History. _9227381 |
|
| 942 |
_2ddc _cBK |
||
| 999 |
_c75148 _d75148 |
||